|
ห้องสมุดวิทยาลัยพยาบาลบรมราชชนนี ตรัง |
|
แสดงรายละเอียดบรรณานุกรม |
|
|
Brief Record
: Get Marc (ISO 2709)
: E-mail record
: |
|
|
| LEADER 00000nam 2200000uu 4500 | |||
| 001 13399123909 | |||
| 003 BCNT | |||
| 008 260701s||||||||th 000 0 tha d | |||
| 020 9786166127911 | |||
| 050 4 WY157 จ337ก 2568 | |||
| 060 4 WY157 จ337ก 2568 | |||
| 100 0 จารุวรรณ ก้าวหน้าไกล | |||
| 245 1 การพยาบาลสตรีตั้งครรภ์ที่มีภาวะความดันโลหิตสูงและเบาหวานขณะตั้งครรภ์/จารุวรรณ ก้าวหน้าไกล. | |||
| 250 ^aพิมพ์ครั้งที่ 2. | |||
| 260 ขอนแก่น : คณะพยาบาลศาสตร์ มหาวิทยาลัยมหาสารคาม. | |||
| 300 ก-ซ, 108 หน้า : ภาพประกอบ ; 26 ซม. | |||
| 650 0 การพยาบาลสูติศาสตร์ | |||
| 999 ^aparamin | |||
| คุณยังไม่ได้ล็อกอิน คุณสามารถมีกิจกรรมร่วมกับเว็บไซต์ได้ แต่ต้องล็อกอินก่อน :: |
|
| สถานะ | |||||||||
| 1. | หนังสือ | WY157 จ337ก 2568 c.1 | ►ระบบ NLM | On Shelf *เพิ่งรับคืน | |||||
| 2. | หนังสือ | WY157 จ337ก 2568 c.2 | ►ระบบ NLM | On Shelf *เพิ่งรับคืน | |||||
| 3. | หนังสือ | WY157 จ337ก 2568 c.3 | ►ระบบ NLM | On Shelf *เพิ่งรับคืน | |||||
| 4. | หนังสือ | WY157 จ337ก 2568 c.4 | ►ระบบ NLM | On Shelf *เพิ่งรับคืน | |||||
| 5. | หนังสือ | WY157 จ337ก 2568 c.5 | ►ระบบ NLM | On Shelf *เพิ่งรับคืน | |||||
| [แสดง 5/5 รายการ] | |||||||||
BibComment |
| คอมเมนท์ทรัพยากรรายการนี้ |
|
|